Recognition and Measurement of Cryptocurrencies in Financial Statements Prepared in Accordance with the IFRS

Problematika účtovného zachytenia kryptomien (Bitcoin, Ethereum, Litecoin...). Doteraz neexistuje žiadny oficiálny štandard, či pravidlo na účtovné zachytenie a ocenenie kryptomien. Riešenie problematiky v rozsahu medzinárodných štandardov IFRS. Kryptoaktíva ako peniaze. Kryptoaktíva ako finančný ná...

Full description

Saved in:
Bibliographic Details
Main Author: Vašek, Libor
Format: Book Chapter
Language:Czech
Subjects:
Tags: Add Tag
No Tags, Be the first to tag this record!

MARC

LEADER 00000naa$a2200000$$$4500
001 0248056
005 20181003133247.5
041 0 |a cze 
044 |a CZ 
245 1 0 |a Recognition and Measurement of Cryptocurrencies in Financial Statements Prepared in Accordance with the IFRS  |c Libor Vašek 
520 |a Problematika účtovného zachytenia kryptomien (Bitcoin, Ethereum, Litecoin...). Doteraz neexistuje žiadny oficiálny štandard, či pravidlo na účtovné zachytenie a ocenenie kryptomien. Riešenie problematiky v rozsahu medzinárodných štandardov IFRS. Kryptoaktíva ako peniaze. Kryptoaktíva ako finančný nástroj. Kryptoaktíva ako nehmotný majetok. Kryptoaktíva ako zásoby. 
610 2 0 |a účtovníctvo 
610 2 0 |a mena virtuálna 
610 2 0 |a štandardy účtovné medzinárodné 
610 2 0 |a IFRS 
100 1 |a Vašek, Libor